Оперативные задачи на основе действий 1 германской армии 29-30 августа 1914 года (Запись № 5668238)

Подробности
000 -МАРКЕР
контрольное поле 01450nam0a22003011 4500
001 - ИДЕНТИФИКАТОР ЗАПИСИ
контрольное поле rc\2578846
005 - ИДЕНТИФИКАТОР ВЕРСИИ
контрольное поле 20250623115211.0
035 ## - ДРУГИЕ СИСТЕМНЫЕ НОМЕРА
Идентификатор записи (NLR Aleph) 006743388
100 ## - ДАННЫЕ ОБЩЕЙ ОБРАБОТКИ
Данные общей обработки 20110914d1928 |||y0rusy50 ca
101 1# - ЯЗЫК РЕСУРСА
Язык текста, звукозаписи и т.д. русский
Язык оригинала немецкий
102 ## - СТРАНА ПУБЛИКАЦИИ ИЛИ ПРОИЗВОДСТВА
Страна публикации российская федерация
105 ## - ПОЛЕ КОДИРОВАННЫХ ДАННЫХ: ТЕКСТОВЫЕ МАТЕРИАЛЫ, МОНОГРАФИЧЕСКИЕ
Кодированные данные о монографическом текстовом документе y z |||||
200 1# - ЗАГЛАВИЕ И СВЕДЕНИЯ ОБ ОТВЕТСТВЕННОСТИ
Основное заглавие Оперативные задачи на основе действий 1 германской армии 29-30 августа 1914 года
Сведения, относящиеся к заглавию С прилож. карты
Первые сведения об ответственности К. Гирль
Последующие сведения об ответственности Пер. с нем. А. Таубе
210 ## - ПУБЛИКАЦИЯ, РАСПРОСТРАНЕНИЕ И ДР.
Место издания, распространения и т.д. Москва
-- Ленинград
Имя издателя, распространителя и т. д. Гос. изд-во. Отд. воен. литературы
Дата издания, распространения и т.д. 1928
215 ## - ФИЗИЧЕСКАЯ ХАРАКТЕРИСТИКА
Специфическое обозначение материала и объем 49, [2] с.
Размеры 20х14 см.
225 1# - СЕРИЯ
Основное заглавие серии Библиотека иностранной военной литературы
300 ## - ОБЩИЕ ПРИМЕЧАНИЯ
Текст примечания Доб. тит. л.: "Operative und taktische aufgabeu zun studium des Marnefeldzuges 1914. Heft. 2. Studien uber die fuhrung der Deutschen 1. armee in der zeit vom 29. ausgust abends bis 30. ausgust abends. Von Constantin Hierl. Berlin, 1928"
606 1# - НАИМЕНОВАНИЕ ТЕМЫ КАК ПРЕДМЕТ
Наименование темы Первая мировая война
Тематический подзаголовок Военные операции
Хронологический подзаголовок 1914 - 1918
-- 1914
Системный номер авторитетной/нормативной записи 2474909
Идентификатор авторитетной/нормативной записи RU\NLR\AUTH\661469608
686 1# - ИНДЕКСЫ ДРУГИХ КЛАССИФИКАЦИЙ
Индекс Ц35(0)532.221-24,2
700 #1 - ИМЯ ЛИЦА - ПЕРВИЧНАЯ ОТВЕТСТВЕННОСТЬ
Начальный элемент ввода Хирль
Часть имени, кроме начального элемента ввода К.
Расширение инициалов личного имени Константин
702 #1 - ИМЯ ЛИЦА - ВТОРИЧНАЯ ОТВЕТСТВЕННОСТЬ
Начальный элемент ввода Таубе
Часть имени, кроме начального элемента ввода А.
Код отношения Переводчик
801 #0 - ИСТОЧНИК ЗАПИСИ
Страна российская федерация
Организация NLR
Правила каталогизации psbo
801 #1 - ИСТОЧНИК ЗАПИСИ
Страна российская федерация
Организация ELAR
Источник данных rusmarc
852 ## - МЕСТОНАХОЖДЕНИЕ И ШИФР ХРАНЕНИЯ
Идентификатор организации NLR
Шифр хранения (Call Number) 83/870
942 ## - ДОПОЛНИТЕЛЬНЫЕ ЭЛЕМЕНТЫ ЗАПИСИ (АБИС)
Тип экземпляра АБИС Книга
980 ## - КОЛЛЕКЦИЯ
Название коллекции Национальная библиография
Экземпляры
Тип экземпляра Дата поступления Библиотека постоянного хранения Библиотека текущего хранения Место хранения Шифр хранения Штрих-код Статус не для выдачи
Книга 26.10.2013 РНБ (Садовая) РНБ (Садовая) Русский книжный фонд -Главное здание, Ленинский читальный зал 83/870 1-4667454